00321 a2200109 4500001001000000005001700010008004100027245004700068100002000115773005900135999001700194ART_4177920260410161814.0260409a 10aFormación en derecho antidiscriminatorio1 aGil Ruiz, J. M.0 tAcademiag- Año 13, Nº 26 (jul./dic. 2015)wREV4314 c21698d21698